000 00344nam a2200133Ia 4500
008 220217s9999||||xx |||||||||||||| ||und||
020 _a0-07-4637-13-4
082 _a004.7 LEO
100 _aLeon, Alexis
_93618
245 0 _aERP demystified
260 _aTata mcgraw hill
_bNew Delhi
_c2000
300 _b450
650 _aCOMPUTER NETWORK
999 _c172284
_d172284